Statistiken für Kfz-Kennzeichen in Deutschland mit exakt einem Buchstaben

Klicken Sie hier um das Quiz zu spielen!

Allgemein

  • Dieses Quiz wurde 1.187 mal gespielt
  • Das Durchschnittsergebnis liegt bei 16 aus 18

Antwortstatistiken

KennzeichenStadt/Landkreis% Korrekt
BStadt Berlin
99%
DStadt Düsseldorf
97%
FStadt Frankfurt am Main
97%
MStadt und Landkreis München
97%
EStadt Essen
95%
KStadt Köln
94%
NStadt und Landkreis Nürnberg
94%
HRegion Hannover
92%
SStadt Stuttgart
92%
AStadt und Landkreis Augsburg
90%
CStadt Chemnitz
89%
JStadt Jena
88%
PStadt Potsdam
84%
LStadt und Landkreis Leipzig
83%
RStadt und Landkreis Regensburg
74%
ZLandkreis Zwickau
72%
GStadt Gera
69%
WStadt Wuppertal
65%

Verteilung der Resultate

Perzentil nach korrekt beantworteten Fragen

Anzahl Personen mit jedem Resultat

Ihre Resultats-Entwicklung

Sie haben dieses Quiz noch nicht gespielt